The Towns of Final Fantasy II - Statistiques

Statistiques générales
  • Ce quiz a été pris 3 fois
  • Le résultat moyen est 4 sur 9
Statistiques - réponses
Hint Réponse % Correct
Rebel hideout, South-West Altair
100%
West port town Paloom
67%
Harbor town where you first meet Cid Poft
67%
Empire-controlled town, airship project Bafsk
33%
Isolated town with the last Dragoons Deist
33%
Capital city taken by the Empire at the start Fynn
33%
Small town just north of Altair Gatrea
33%
Legendary mages' town, far South-East Mysidia
33%
Snowy mining village, North-West Salamand
33%
Aucun quiz correspondant
Distribution des résultats
% des personnes avec chaque résultat
Percentile par nombre de réponses
Votre historique - résultats
Vous n’avez pas pris ce quiz